000 00211 a2200097 4500
001 18550
100 _aHussain M.S.N
245 _aMashkat Sharif
260 _a
_bSh ghulam academy
_c1964
090 _c13780
_d13780
942 _aNUST-CAE
_cM
_c4203
999 _c253623
_d253623